| 000 | | | 03872nac2a22002653x 450 |
| 001 | | | f0849ae8-69a4-4a6b-8516-05ee8619e479 |
| 005 | | | 20190218170021.0 |
| 100 | ## | $a | 20190115l 1919k y0rusy50 ca |
| 101 | 0# | $a | rus |
| 102 | ## | $a | RU |
| 105 | ## | $a | y z ||||| |
| 200 | 1# | $a | Информационные сводки управляющего Тургайской областью о выступлении красных партизан в Кустанайском уезде и др. |
| | $j | 03 апреля 1919 - 01 июня 1919 |
| 215 | ## | $a | 6 листов |
| 251 | ## | $c | Дело |
| 300 | ## | $a | На папке дела: 3 апреля 1919 г.- 1 июля 1919 г. |
| 300 | ## | $a | В деле имеются телеграммы |
| 300 | ## | $a | Лист: 1 - поврежденный |
| 300 | ## | $a | Машинописный и рукописный текст |
| 324 | ## | $a | В деле имеются копии отдельных документов |
| 461 | #0 | $1 | 0010f0e3429-2e37-4fb4-ace0-6332d350a692 |
| | $1 | 2001 |
| | $a | Министерство внутренних дел Российского правительства. Омск |
| | $1 | 251 |
| | $c | Фонд |
| | $1 | 852 |
| | $j | 1700 |
| | $g | Р |
| 462 | #0 | $1 | 001c9fb14fb-9a60-4dc0-bd7d-6b3b0819c0c0 |
| | $1 | 2001 |
| | $a | Дела канцелярии министра. 1918-1919 гг. |
| | $v | Д. 75 |
| | $1 | 251 |
| | $c | Опись |
| | $1 | 852 |
| | $j | 1 |
| 601 | 02 | $3 | RU\NLR\AUTH\8810247804 |
| | $a | Временное Сибирское правительство |
| | $b | Министерство внутренних дел |
| 801 | #0 | $a | RU |
| | $b | GA_RF |
| 801 | #1 | $a | RU |
| | $b | ГлавНИВЦ |
| | $c | 20190115 |
| | $2 | rusmarc |
| 801 | #2 | $a | RU |
| | $b | ПБ им. Б.Н. Ельцина |
| | $c | 20190218 |
| | $g | RCR |
| | $2 | rusmarc |
| 852 | ## | $a | ГА РФ |
| | $j | 75 |
| 937 | ## | $d | 125512648 |
| | $h | ПБ |
| 035 | ## | $a | RuPRLIB51055264 |
| 856 | ## | $u | http://readingroom.main.prlib.ru/item.aspx?id_node=n125512648&mode=full |